Las cooperativas eléctricas /
Guardado en:
| Autor Principal: | |
|---|---|
| Formato: | Libro |
| Idioma: | Undetermined |
| Publicado: |
Buenos Aires :
Sección publicaciones del seminario de ciencias jurídicas y sociales,
1939.
|
| Materias: | |
| Etiquetas: |
Agregar Etiqueta
Sin Etiquetas, Sea el primero en etiquetar este registro!
|
| LEADER | 00558nam a22001575a 4500 | ||
|---|---|---|---|
| 001 | EHU.bham047713 | ||
| 005 | 20110715161832.0 | ||
| 008 | 110715s1939####ag############000#0#und#d | ||
| 100 | 1 | |a Jaramillo, Baltazar V. | |
| 245 | 0 | 0 | |a Las cooperativas eléctricas / |c Baltazar V. Jaramillo. |
| 260 | |a Buenos Aires : |b Sección publicaciones del seminario de ciencias jurídicas y sociales, |c 1939. | ||
| 300 | |a 170 p. | ||
| 653 | |a Servicios públicos | ||
| 653 | |a Cooperativas | ||
| 653 | |a Electricidad | ||
| 859 | |a AR-BHAM |b BIB. HUMANIDADES - Donacion Lejarraga |h MFN001932 |p 001932.19 | ||
